| 000 | 01571nam a2200469 i 4500 | ||
|---|---|---|---|
| 001 | 56240 | ||
| 003 | KOSZ 005 | ||
| 005 | 20201026100323.0 | ||
| 008 | 090408s2009 pl a f f |001 0 pol | ||
| 015 | _aPB 4671/2007 | ||
| 020 | _a9788301147785 | ||
| 040 |
_cWA N _aWA N _dKOSZ 005/HR |
||
| 041 | 1 |
_apol _heng |
|
| 044 | _aPOL | ||
| 080 | _a32-027.21 | ||
| 080 | _a321.01 | ||
| 080 | _a(075.8) | ||
| 100 | 1 |
_aHeywood, Andrew _d(1952- ) _eAutor |
|
| 245 | 1 | 0 |
_aPolitologia / _cAndrew Heywood ; przekł. Barbara Maliszewska [et al.]. |
| 246 | 1 |
_iTyt. oryg.: _aPolitics, _f2002 |
|
| 250 | _aWyd.1 dodruk 2. | ||
| 260 |
_aWarszawa : _bWydawnictwo Naukowe PWN, _c2009. |
||
| 300 |
_aXIV, 554, [2] s. : _bil. ; _c24 cm. |
||
| 336 |
_2rdacontent _aTekst _btxt |
||
| 337 |
_2rdamedia _aBez urządzenia pośredniczącego _bn |
||
| 338 |
_2rdacarrier _aWolumin _bnc |
||
| 380 | _aKsiążki | ||
| 380 | _aPublikacje dydaktyczne | ||
| 385 |
_mPoziom nauczania _aSzkoły wyższe |
||
| 388 | _a2001- | ||
| 504 | _aBibliogr. s. 519-530 oraz przy rozdz. Indeksy. | ||
| 521 | 8 | _aPodręcznik akademicki. | |
| 650 | 4 | _aTeoria polityki | |
| 655 | _aPodręczniki akademickie | ||
| 658 | _aPolityka, politologia, administracja publiczna | ||
| 650 | 4 | _aPaństwo | |
| 650 | 4 | _aPolitologia | |
| 700 | 1 |
_aMaliszewska, Barbara. _eTłumaczenie |
|
| 710 |
_aWydawnictwo Naukowe PWN _4pbl. |
||
| 856 |
_uhttp://koha.tu.koszalin.pl/cgi-bin/koha/opac-detail.pl?biblionumber=56240 _yKatalog online BPK |
||
| 942 |
_cKS _2UKD |
||
| 999 |
_c56240 _d56240 |
||